|
|
|
|
| LEADER |
00791nam a22001937a 4500 |
| 008 |
190131b ||||| |||| 00| 0 eng d |
| 082 |
|
|
|a 006.6869
|
| 100 |
|
|
|a Howell, Dusti
|
| 245 |
|
|
|a Using powerpoint in the classroom /
|c Dusti Howell, Deanne Howell and Marcus Childress .
|
| 250 |
|
|
|a 2nd ed.
|
| 260 |
|
|
|a California :
|b Corwin Press ,
|c 2006.
|
| 300 |
|
|
|a 116p. :
|b ill. ;
|c 23cm.
|
| 653 |
|
|
|a Microsoft PowerPoint (Computer file) -- Computer managed instruction
|
| 653 |
|
|
|a Computer-assisted instruction -- Presentation graphics software
|
| 700 |
|
|
|q Howell, Deanne
|
| 700 |
|
|
|q Childress, Marcus
|
| 942 |
|
|
|c BK
|
| 999 |
|
|
|c 308788
|d 308788
|
| 952 |
|
|
|0 0
|1 0
|2 ddc
|4 0
|6 006_686900000000000_HOW_U
|7 0
|9 354369
|a LLE
|b LLE
|c ST1
|d 2019-01-31
|g 857.81
|i 2291
|l 0
|o 006.6869 HOW/U
|p LLE2291
|r 2019-01-31
|y BK
|